Jugadores de laliga randoms - Estadísticas

Estadísticas generales
  • Esta prueba ha sido intentada 207 veces
  • La puntuación promedio es 11 de 16
Estadísticas de respuestas
Imagen Respuesta % Correcto
Luis Suarez
90%
Nyom
89%
Salva Sevilla
87%
Laguardia
85%
Ryan
82%
Mikel Balenziaga
79%
Santiago Arias
76%
Victor Ruiz
75%
Unai Vencedor
71%
Doherty
61%
Boulaye Dia
59%
Carlos Akapo
55%
Raul Guti
55%
Brian Olivan
41%
Ivan Saponjic
40%
Jankto
23%
No se encontraron pruebas coincidentes
Distribución de puntuación
Porcentaje de gente con cada puntuación
Porcentaje por número respondido
Historial de tus puntuaciones
No has intentado esta prueba.